| 000 | 00564nam a2200181 a 4500 | ||
|---|---|---|---|
| 001 | 000015672 | ||
| 005 | 20200929164119.0 | ||
| 008 | 100217s1946 dr a 000 0 spa d | ||
| 040 |
_aDO-SdBNP _bspa _cBNPHU |
||
| 082 |
_axxxx _bF935r |
||
| 245 | 0 | 3 | _aLa frontera de la República Dominicana con Haití. |
| 260 |
_aCiudad Trujillo : _bLa Nación, _c1946. |
||
| 300 |
_a172 p. : _bil. ; _c24 cm. |
||
| 500 | _aIncluye referencias bibliográficas y notas al pie de las páginas | ||
| 500 | _aIncluye notas al pie de las páginas | ||
| 049 | _aBNPD | ||
| 049 | _aBNPD | ||
| 999 |
_c15224 _d15224 |
||